|
|
|
|
| LEADER |
00000nam0a2200000 4500 |
| 001 |
252641 |
| 005 |
20231031214016.0 |
| 010 |
|
|
|a 5250010725
|
| 020 |
|
|
|a RU
|b 89-42056
|
| 035 |
|
|
|a (RuTPU)RU\TPU\book\274991
|
| 090 |
|
|
|a 252641
|
| 100 |
|
|
|a 20140305d1989 k y0rusy5003 ca
|
| 101 |
0 |
|
|a rus
|
| 102 |
|
|
|a RU
|
| 105 |
|
|
|a y z 000zy
|
| 200 |
1 |
|
|a О программе предстоящей деятельности правительства СССР
|e Доклад и заключючительное слово на Съезде народных депутатов СССР, 7,9 июня 1989 г.
|f Н. И. Рыжков
|
| 210 |
|
|
|a Москва
|c Политиздат
|d 1989
|
| 215 |
|
|
|a 45,[2] с.
|
| 333 |
|
|
|a Исключено из фонда НТБ ТПУ
|
| 700 |
|
1 |
|a Рыжков
|b Н. И.
|g Николай Иванович
|
| 801 |
|
0 |
|a RU
|b RuMRKP
|c 19950417
|g psbo
|
| 801 |
|
1 |
|a RU
|b 63413507
|c 20140305
|
| 801 |
|
2 |
|a RU
|b 63413507
|c 20220413
|g RCR
|
| 942 |
|
|
|c BK
|